Switching power supply design & optimization / (Record no. 3950)

MARC details
000 -LEADER
fixed length control field 01077nac a22002411u 4500
010 ## - LIBRARY OF CONGRESS CONTROL NUMBER
LC control number 2004054664
020 ## - INTERNATIONAL STANDARD BOOK NUMBER
International Standard Book Number 0071434836
082 00 - DEWEY DECIMAL CLASSIFICATION NUMBER
Classification number 621.381044
Item number M2782
090 ## - LOCALLY ASSIGNED LC-TYPE CALL NUMBER (OCLC); LOCAL CALL NUMBER (OCLC)
-- 3950
-- 3950
100 ## - MAIN ENTRY--PERSONAL NAME
Personal name Maniktala, Sanjaya.
245 10 - TITLE STATEMENT
Title Switching power supply design & optimization /
Statement of responsibility, etc Sanjaya Maniktala.
260 ## - PUBLICATION, DISTRIBUTION, ETC. (IMPRINT)
Place of publication, distribution, etc New York :
Name of publisher, distributor, etc McGraw-Hill,2005
Date of publication, distribution, etc 2005.
300 ## - PHYSICAL DESCRIPTION
Extent xvi, 395 p. :
Other physical details ill. ;
Dimensions 24 cm.
440 #0 -
-- McGraw-Hill professional engineering.
650 #0 - SUBJECT ADDED ENTRY--TOPICAL TERM
Topical term or geographic name as entry element Switching power supplies.
650 #0 - SUBJECT ADDED ENTRY--TOPICAL TERM
Topical term or geographic name as entry element Electronic apparatus and appliances
General subdivision Power supply.
650 #0 - SUBJECT ADDED ENTRY--TOPICAL TERM
Topical term or geographic name as entry element Electric current converters.
856 42 - ELECTRONIC LOCATION AND ACCESS
Materials specified Publisher description
Uniform Resource Identifier <a href="http://www.loc.gov/catdir/description/mh051/2004054664.html">http://www.loc.gov/catdir/description/mh051/2004054664.html</a>
856 42 - ELECTRONIC LOCATION AND ACCESS
Materials specified Contributor biographical information
Uniform Resource Identifier <a href="http://www.loc.gov/catdir/bios/mh051/2004054664.html">http://www.loc.gov/catdir/bios/mh051/2004054664.html</a>
856 42 - ELECTRONIC LOCATION AND ACCESS
Materials specified Table of contents
Uniform Resource Identifier <a href="http://www.loc.gov/catdir/toc/mh051/2004054664.html">http://www.loc.gov/catdir/toc/mh051/2004054664.html</a>
942 ## - ADDED ENTRY ELEMENTS (KOHA)
Item type Book - Borrowing
Call number prefix 621.381044M2782
Holdings
Withdrawn status Item status Damaged status Not for loan Home library Current library Shelving location Date acquired Source of acquisition Total Checkouts Total Renewals Full call number Barcode Date last seen Date last borrowed Koha item type
        Central Library Central Library First floor 09/08/2007 Purchase 1 5 621.381044 MAN 000005076 15/07/2025 23/03/2013 Book - Borrowing